01123nam a2200193Ia 4500001001000000003001000010008004100020040002500061041001300086100001800099245007900117250001100196260009200207300001200299500023700311501011400548520023700662650003000899L220-4052IT-CnALBA170116s9999||||xx |||||||||||||| ||und|| aIT-CnALBAcIT-CnALBA aITALIANO aISAIA PROFETA 0aLA SACRA BIBBIA. VECCHIO TESTAMENTO. VOL. VI. I PROFETI: ISAIA GEREMIA 1.  a1a ed. a FIRENZEbSALANI ADRIANO, CASA EDITRICE c1952 [1° Ed.:1952 - Ed.Ling.Originale: 1952] a410 p.  aTRADUTTORE DI VACCARI DAI TESTI ORIGINALI. NOTE. CURATORE ISTITUTO BIBLICO ROMA. ISAIA GEREMIA LAMENTAZIONI BARUC LETTERA DI GEREMIA. APPENDICE CRITICA ED EXTRACANONICA. ABBREVIATURE E SEGNI DIVERSI. TAVOLE INTRODUZIONE PROFETISMO.  aSocietà San Paolo EM - Piazza San Paolo, 14 - 12051 ALBA (CN) (non commercial uses only) ® Copyright 2017 aTRADUTTORE DI VACCARI DAI TESTI ORIGINALI. NOTE. CURATORE ISTITUTO BIBLICO ROMA. ISAIA GEREMIA LAMENTAZIONI BARUC LETTERA DI GEREMIA. APPENDICE CRITICA ED EXTRACANONICA. ABBREVIATURE E SEGNI DIVERSI. TAVOLE INTRODUZIONE PROFETISMO.  aBIBBIA - TESTI E COMMENTI